<?xml version="1.0" encoding="UTF-8"?>
<record
    xmlns:xsi="http://www.w3.org/2001/XMLSchema-instance"
    xsi:schemaLocation="http://www.loc.gov/MARC21/slim http://www.loc.gov/standards/marcxml/schema/MARC21slim.xsd"
    xmlns="http://www.loc.gov/MARC21/slim">

  <leader>02754cam a2200349 a 4500</leader>
  <controlfield tag="003">EG-GiCUC</controlfield>
  <controlfield tag="005">20250223032357.0</controlfield>
  <controlfield tag="008">190914s2018    ua d   f m    000 0 eng d</controlfield>
  <datafield tag="040" ind1=" " ind2=" ">
    <subfield code="a">EG-GiCUC</subfield>
    <subfield code="b">eng</subfield>
    <subfield code="c">EG-GiCUC</subfield>
  </datafield>
  <datafield tag="041" ind1="0" ind2=" ">
    <subfield code="a">eng</subfield>
  </datafield>
  <datafield tag="049" ind1=" " ind2=" ">
    <subfield code="a">Deposite</subfield>
  </datafield>
  <datafield tag="097" ind1=" " ind2=" ">
    <subfield code="a">Ph.D</subfield>
  </datafield>
  <datafield tag="099" ind1=" " ind2=" ">
    <subfield code="a">Cai01.24.03.Ph.D.2018.Do.L</subfield>
  </datafield>
  <datafield tag="100" ind1="0" ind2=" ">
    <subfield code="a">Doaa Abdelmageed Saleh Elfaham</subfield>
  </datafield>
  <datafield tag="245" ind1="1" ind2="0">
    <subfield code="a">Low level laser therapy to endometrial cells : </subfield>
    <subfield code="b">A novel approach to increase endometrial proliferation and enhance endometrial receptivity / </subfield>
    <subfield code="c">Doaa Abdelmageed Saleh Elfaham ; Supervised Mohamed Amr Hussein Elnoury , Mona Ebrahim Morsy , Osama Mahmoud Azmy</subfield>
  </datafield>
  <datafield tag="246" ind1="1" ind2="5">
    <subfield code="a">&#x627;&#x644;&#x639;&#x644;&#x627;&#x62C; &#x628;&#x627;&#x644;&#x644;&#x64A;&#x632;&#x631; &#x645;&#x646;&#x62E;&#x641;&#x636; &#x627;&#x644;&#x645;&#x633;&#x62A;&#x648;&#x649; &#x644;&#x62E;&#x644;&#x627;&#x64A;&#x627; &#x628;&#x637;&#x627;&#x646;&#x629; &#x627;&#x644;&#x631;&#x62D;&#x645; : </subfield>
    <subfield code="b">&#x648;&#x633;&#x64A;&#x644;&#x629; &#x645;&#x628;&#x62A;&#x643;&#x631;&#x629; &#x644;&#x632;&#x64A;&#x627;&#x62F;&#x629; &#x627;&#x644;&#x62A;&#x643;&#x627;&#x62B;&#x631; &#x648;&#x62A;&#x639;&#x632;&#x64A;&#x632; &#x627;&#x644;&#x62A;&#x642;&#x628;&#x644; &#x628;&#x62E;&#x644;&#x627;&#x64A;&#x627; &#x628;&#x637;&#x627;&#x646;&#x629; &#x627;&#x644;&#x631;&#x62D;&#x645;</subfield>
  </datafield>
  <datafield tag="260" ind1=" " ind2=" ">
    <subfield code="a">Cairo : </subfield>
    <subfield code="b">Doaa Abdelmageed Saleh Elfaham , </subfield>
    <subfield code="c">2018</subfield>
  </datafield>
  <datafield tag="300" ind1=" " ind2=" ">
    <subfield code="a">207 P. : </subfield>
    <subfield code="b">charts ; </subfield>
    <subfield code="c">25cm </subfield>
  </datafield>
  <datafield tag="502" ind1=" " ind2=" ">
    <subfield code="a">Thesis (Ph.D.) - Cairo University - National Institute Of laser Enhanced Science - Department of Laser Application in Medical and Biological</subfield>
  </datafield>
  <datafield tag="520" ind1=" " ind2=" ">
    <subfield code="a">Background: Low-level laser therapy (LLLT) has been used in photobiomodulation to promote cell proliferation, healing and regeneration. LLLT can prevent cell apoptosis, improve cell migration and adhesion at low-levels of red/near-infrared. Moreover, it has been used to reduce pain, inflammation and to augment repair of different tissues and nerves. Endometrial receptivity is the temporary sequence of factors that make the uterine environment conductive to blastocyst acceptance and implantation, starting from blastocyst attachment to the luminal epithelium and completed by penetration and invasion. Women with persistent thin endometrium were assumed to encounter diminished activity in the regenerative and functional capacity of their endometrium. The aim of this study was to examine the ability of LLLT in nm wavelength to enhance the proliferation and gene expression of in vitro cultured endometrial cells. Materials and methods: A number of endometrial samples were collected from infertile women attending the infertility clinic at the National Research Centre from the period of March to December . Collected Endometrial samples were processed and cultured</subfield>
  </datafield>
  <datafield tag="530" ind1=" " ind2=" ">
    <subfield code="a">Issued also as CD</subfield>
  </datafield>
  <datafield tag="653" ind1=" " ind2="4">
    <subfield code="a">Laser therapy</subfield>
  </datafield>
  <datafield tag="653" ind1=" " ind2="4">
    <subfield code="a">Low-level laser therapy (LLLT)</subfield>
  </datafield>
  <datafield tag="653" ind1=" " ind2="4">
    <subfield code="a">Multiple Exposures (ME) </subfield>
  </datafield>
  <datafield tag="700" ind1="0" ind2=" ">
    <subfield code="a">Mohamed Amr Hussein Elnoury , </subfield>
    <subfield code="e">Supervisor </subfield>
  </datafield>
  <datafield tag="700" ind1="0" ind2=" ">
    <subfield code="a">Mona Ebrahim Morsy , </subfield>
    <subfield code="e">Supervisor </subfield>
  </datafield>
  <datafield tag="700" ind1="0" ind2=" ">
    <subfield code="a">Osama Mahmoud Azmy , </subfield>
    <subfield code="e">Supervisor </subfield>
  </datafield>
  <datafield tag="856" ind1=" " ind2=" ">
    <subfield code="u">http://172.23.153.220/th.pdf</subfield>
  </datafield>
  <datafield tag="905" ind1=" " ind2=" ">
    <subfield code="a">Nazla</subfield>
    <subfield code="e">Revisor</subfield>
  </datafield>
  <datafield tag="905" ind1=" " ind2=" ">
    <subfield code="a">Shimaa</subfield>
    <subfield code="e">Cataloger</subfield>
  </datafield>
  <datafield tag="942" ind1=" " ind2=" ">
    <subfield code="2">ddc</subfield>
    <subfield code="c">TH</subfield>
  </datafield>
  <datafield tag="999" ind1=" " ind2=" ">
    <subfield code="c">73856</subfield>
    <subfield code="d">73856</subfield>
  </datafield>
  <datafield tag="952" ind1=" " ind2=" ">
    <subfield code="2">ddc</subfield>
    <subfield code="7">0</subfield>
    <subfield code="a">CUCL</subfield>
    <subfield code="b">cl210</subfield>
    <subfield code="d">2024-02-11</subfield>
    <subfield code="o">Cai01.24.03.Ph.D.2018.Do.L</subfield>
    <subfield code="p">01010110079287000</subfield>
    <subfield code="r">2023-09-22 00:00:00</subfield>
    <subfield code="y">TH</subfield>
  </datafield>
  <datafield tag="952" ind1=" " ind2=" ">
    <subfield code="2">ddc</subfield>
    <subfield code="7">0</subfield>
    <subfield code="a">CUCL</subfield>
    <subfield code="b">cl2u8</subfield>
    <subfield code="d">2024-02-11</subfield>
    <subfield code="o">Cai01.24.03.Ph.D.2018.Do.L</subfield>
    <subfield code="p">01020110079287000</subfield>
    <subfield code="r">2023-09-22 00:00:00</subfield>
    <subfield code="t">79287.CD     </subfield>
    <subfield code="y">CD</subfield>
  </datafield>
</record>
